LEADER 01100nam a2200253 i 4500 001 000000248728 003 CaOOAMICUS 005 20230320141941.0 008 160411s2012 vc a u000 u ita u 020 $a978-88-209-8931-6 040 $aSeMil$bita 041 $aita$alat 245 10$a2.1. 264 1$aCittą del Vaticano :$bLibreria Editrice Vaticana,$c2012. 300 $a843 p., [1] carta di tav. :$bill. ;$c25 cm. 546 $aTesto in italiano e latino 773 0 $aBenedictus XIV $tBeatificazione dei servi di Dio e la canonizzazione dei beati.$dCittą del Vaticano : Libreria Editrice Vaticana, 2010-2022.$bEd. bilingue$g2$w()24634 850 $aSeMil 852 $aSeMil$W1$xVenegono$y1$m3H VI 372/1$j257504$B199074$CSeMilBibl$Z2$F210425 $81 961 $aSottoscrizione: LdS 996 $6020$a978-88-209-8931-6$9(OLS)http://semarc/number/258569 996 $6245$a2.1$9(OLS)http://semarc/title/57273 996 $6264$aCittą del Vaticano :$bLibreria Editrice Vaticana$9(OLS)http://semarc/publisher/29734 LEADER 00628naa a2200157 i 4500 001 000000319062 003 CaOOAMICUS 005 20180831173300.0 008 180831n it u000 u ita u 013 $a28690 040 $aSeMil$bita 100 1 $aArgentieri, Simona.$0(OLS)http://semarc/name/88980 245 10$a[Intervista a Simona Argentieri]. 650 4$aPsicanalisi.$0(OLS)http://semarc/subject/1341 773 0 $aAmato, Giuliano <1938- >$tDove andremo a finire.$dTorino : Einaudi, 2011.$kEinaudi stile libero. Extra$z978-88-06-20589-8$gp.71-93$w()207105 996 $6245$a[Intervista a Simona Argentieri]$9(OLS)http://semarc/title/392855